Scanning electron microscopy, X-ray microanalysis, and analytical electron microscopy : a laboratory workbook /
Guardado en:
| Otros Autores: | |
|---|---|
| Formato: | Libro |
| Idioma: | English |
| Publicado: |
New York :
Plenum Press,
c1990.
|
| Materias: | |
| Etiquetas: |
Agregar Etiqueta
Sin Etiquetas, Sea el primero en etiquetar este registro!
|
| LEADER | 00920cam a22002295a 4500 | ||
|---|---|---|---|
| 001 | EIQ.libpla004004 | ||
| 008 | 900305s1990####nyua#####b####001#0#eng#d | ||
| 005 | 20080424184210.0 | ||
| 245 | 0 | 0 | |a Scanning electron microscopy, X-ray microanalysis, and analytical electron microscopy : |b a laboratory workbook / |c Charles E. Lyman ... [et al.]. |
| 260 | |a New York : |b Plenum Press, |c c1990. | ||
| 300 | |a xi, 407 p. : |b il. ; |c 26 cm. | ||
| 504 | |a Incluye referencias bibliográficas e índice. | ||
| 020 | |a 0306435918 | ||
| 700 | 1 | |a Lyman, Charles E. | |
| 082 | 0 | 0 | |a 502/.8/25 |2 20 |
| 650 | 4 | |a Microscopía electrónica |x Manuales de laboratorio. | |
| 650 | 4 | |a Microanálisis de rayos X |x Manuales de laboratorio. | |
| 650 | 0 | |a X-ray microanalysis |x Laboratory manuals. | |
| 650 | 0 | |a Electron microscopy |x Laboratory manuals. | |
| 010 | |a 90033608 | ||
| 040 | |a DLC |c DLC |d AR-BbSID | ||
| 859 | |a AR-BbSID |b BIB. PLAPIQUI |h 502.8 |i Sc 63 |p 5461 | ||
